Countries Where Alcohol Is Banned - Statistics

General Stats
  • This quiz has been taken 117 times
  • The average score is 7 of 10
Answer Stats
Continent Country % Correct
Asia Saudi Arabia
93%
Asia Iran
89%
Asia Kuwait
81%
Asia Afghanistan
79%
Africa Libya
76%
Africa Somalia
59%
Asia Brunei
56%
Africa Mauritania
51%
Asia Bangladesh
45%
Africa Djibouti
33%
No matching quizzes found
Score Distribution
Percent of People with Each Score
Percentile by Number Answered
Your Score History
You have not taken this quiz